| 000 | 00456cam a2200169ua 4500 | ||
|---|---|---|---|
| 003 | OSt | ||
| 008 | 240123b |||||||| |||| 00| 0 eng d | ||
| 020 | _a81 204 1019 X | ||
| 041 | _aeng | ||
| 082 |
_a632.95 _bWAL/PE |
||
| 100 |
_aWalia, S . _95766 |
||
| 245 | _aPesticides,crop protection and environment / | ||
| 260 |
_aNew Delhi : _bOxford & IBH Publishing company , _c1995. |
||
| 300 | _a600 ; . | ||
| 700 | 1 |
_aParmar, B S . _95767 |
|
| 942 | _cBK | ||
| 999 |
_c10984 _d10984 |
||